[Event "Niteroi op 3rd"]
[Site "Niteroi"]
[Date "2023.09.05"]
[Round "3"]
[White "Marcolino, Antonio Claudio H"]
[Black "De Almeida, Roberto A Ferreira"]
[Result "1-0"]
[WhiteElo "1953"]
[BlackElo "1681"]
[PlyCount "101"]
[EventDate "2023.09.04"]
[EventType "swiss"]
[EventRounds "9"]
[EventCountry "BRA"]
[SourceTitle "EXT 2024"]
[Source "ChessBase"]
[SourceDate "2023.10.10"]
[SourceVersion "1"]
[SourceVersionDate "2023.10.10"]
[SourceQuality "1"]

1. d4 f5 2. Nc3 Nf6 3. e4 fxe4 4. Bg5 d6 5. Bxf6 exf6 6. Qh5+ g6 7. Qd5 c6 8. Qxe4+ Qe7 9. Bd3 d5 10. Qe2 Kf7 11. Nf3 Bg4 12. 0-0 Qxe2 13. Bxe2 Bxf3 14. Bxf3 Kg7 15. Rfe1 Na6 16. Re2 Nc7 17. Rae1 Kf7 18. Nd1 Bd6 19. g3 Rhe8 20. h4 Rxe2 21. Rxe2 Re8 22. Kf1 Ne6 23. c3 Ng7 24. Ne3 f5 25. Nxd5 Rxe2 26. Kxe2 Ne6 27. Ne3 f4 28. Nf1 fxg3 29. fxg3 Kf6 30. Bg4 Nc7 31. Nd2 Kf7 32. Ne4 Be7 33. c4 Ne8 34. c5 b6 35. Kd3 Nf6 36. Ng5+ Ke8 37. cxb6 axb6 38. Bf3 Kd7 39. g4 Bb4 40. Nf7 c5 41. h5 cxd4 42. hxg6 Ke6 43. Ng5+ Ke7 44. gxh7 Nxh7 45. Nxh7 Be1 46. Kxd4 Bd2 47. Ke5 Bc1 48. b3 b5 49. g5 Kf7 50. Be4 Bb2+ 51. Kf5 1-0

[Event "Niteroi op 3rd"]
[Site "Niteroi"]
[Date "2023.09.04"]
[Round "1"]
[White "Terao, Juliana Sayumi"]
[Black "De Almeida, Roberto A Ferreira"]
[Result "1-0"]
[WhiteElo "2217"]
[BlackElo "1681"]
[PlyCount "51"]
[EventDate "2023.09.04"]
[EventType "swiss"]
[EventRounds "9"]
[EventCountry "BRA"]
[SourceTitle "EXT 2024"]
[Source "ChessBase"]
[SourceDate "2023.10.10"]
[SourceVersion "1"]
[SourceVersionDate "2023.10.10"]
[SourceQuality "1"]

1. e4 e6 2. d4 d5 3. e5 c5 4. c3 Nc6 5. Nf3 cxd4 6. cxd4 Bb4+ 7. Nc3 Bd7 8. Bd3 Qa5 9. Bd2 Nge7 10. 0-0 Nf5 11. a3 Bxc3 12. bxc3 Qd8 13. Re1 h6 14. g3 a6 15. a4 Na5 16. h4 Rc8 17. h5 Nc4 18. Bc1 b5 19. axb5 Bxb5 20. Bxf5 exf5 21. e6 Rc7 22. exf7+ Kxf7 23. Nh4 Qc8 24. Qf3 Qd7 25. Nxf5 Kg8 26. Ne7+ 1-0

[Event "Rio de Janeiro Duchamp op 4th"]
[Site "Rio de Janeiro"]
[Date "2022.12.12"]
[Round "7"]
[White "De Almeida, Roberto A Ferreira"]
[Black "Felizes, Paulo Alberto"]
[Result "0-1"]
[WhiteElo "1713"]
[BlackElo "1916"]
[PlyCount "130"]
[EventDate "2022.12.07"]
[EventType "swiss"]
[EventRounds "9"]
[EventCountry "BRA"]
[SourceTitle "CBM 211 Extra"]
[Source "ChessBase"]
[SourceDate "2023.01.31"]
[SourceVersion "1"]
[SourceVersionDate "2023.01.31"]
[SourceQuality "1"]

1. Nf3 Nc6 2. d4 d5 3. Bf4 Bg4 4. Ne5 Nxe5 5. dxe5 e6 6. c3 Bc5 7. Bg3 c6 8. Qa4 h5 9. h3 Bf5 10. Nd2 h4 11. Nb3 hxg3 12. Nxc5 gxf2+ 13. Kxf2 Nh6 14. Rg1 0-0 15. e3 f6 16. g4 b5 17. Qd1 fxe5 18. gxf5 Qh4+ 19. Kg2 Rxf5 20. Qe1 Qe7 21. b4 Raf8 22. Nd3 e4 23. Nf4 Qf6 24. Be2 e5 25. Nh5 Rf2+ 26. Kh1 Qh4 27. Rxg7+ Kh8 28. Rg3 d4 29. cxd4 exd4 30. exd4 e3 31. Rxe3 Qxd4 32. Qc3 Qxc3 33. Rxc3 Rxe2 34. Rxc6 Ng8 35. Rg1 Rff2 36. Rgc1 Rh2+ 37. Kg1 Reg2+ 38. Kf1 Rxa2 39. Ng3 Raf2+ 40. Ke1 Rfg2 41. R6c3 Rxh3 42. Kf1 Rgxg3 43. Rxg3 Rxg3 44. Ra1 Rb3 45. Rxa7 Rxb4 46. Ke2 Rd4 47. Ke3 Rd5 48. Ke4 Nf6+ 49. Ke3 Kg8 50. Rb7 Kf8 51. Rc7 Ke8 52. Rb7 Nd7 53. Ke4 Rh5 54. Kd4 Ke7 55. Ra7 Kd6 56. Kc3 Kc6 57. Ra6+ Nb6 58. Kb4 Rh4+ 59. Kb3 Kc5 60. Ra7 Rh3+ 61. Kc2 Kb4 62. Rb7 Nc4 63. Rd7 Rh2+ 64. Kc1 Kc3 65. Rd1 b4 0-1

[Event "Rio de Janeiro Duchamp op 4th"]
[Site "Rio de Janeiro"]
[Date "2022.12.11"]
[Round "6"]
[White "Balcon, Alexis"]
[Black "De Almeida, Roberto A Ferreira"]
[Result "0-1"]
[WhiteElo "1023"]
[BlackElo "1713"]
[PlyCount "76"]
[EventDate "2022.12.07"]
[EventType "swiss"]
[EventRounds "9"]
[EventCountry "BRA"]
[SourceTitle "CBM 211 Extra"]
[Source "ChessBase"]
[SourceDate "2023.01.31"]
[SourceVersion "1"]
[SourceVersionDate "2023.01.31"]
[SourceQuality "1"]

1. e4 c5 2. Nf3 Nc6 3. Bb5 Qc7 4. 0-0 a6 5. Bxc6 Qxc6 6. Nc3 d6 7. h3 Nf6 8. d3 g6 9. Bg5 Bg7 10. Qd2 h6 11. Bxf6 Bxf6 12. Rfe1 Be6 13. a3 Bg7 14. Rad1 0-0 15. Nh2 b5 16. Rb1 Ra7 17. b3 Rc7 18. Na2 Qb6 19. Ng4 Kh7 20. Qe3 h5 21. Nh2 a5 22. Nc1 b4 23. a4 f5 24. c4 bxc3 25. Re2 Bh6 26. Qg3 Bxc1 27. Rxc1 Qxb3 28. Nf3 Bc8 29. Nh4 Rf6 30. f4 Qxa4 31. Rxc3 Qd4+ 32. Re3 Qxc3 33. e5 dxe5 34. Rxe5 e6 35. Qg5 Rcf7 36. Re3 Qc1+ 37. Kf2 Qd2+ 38. Kf3 Bb7+ 0-1

[Event "Rio de Janeiro Duchamp op 4th"]
[Site "Rio de Janeiro"]
[Date "2022.12.09"]
[Round "3"]
[White "De Almeida, Roberto A Ferreira"]
[Black "Rothebarth, Ana Vitoria de Paul"]
[Result "0-1"]
[WhiteElo "1713"]
[BlackElo "1987"]
[PlyCount "124"]
[EventDate "2022.12.07"]
[EventType "swiss"]
[EventRounds "9"]
[EventCountry "BRA"]
[SourceTitle "CBM 211 Extra"]
[Source "ChessBase"]
[SourceDate "2023.01.31"]
[SourceVersion "1"]
[SourceVersionDate "2023.01.31"]
[SourceQuality "1"]

1. e4 e5 2. Nf3 Nc6 3. Bc4 Bc5 4. c3 Nf6 5. d4 exd4 6. cxd4 Bb4+ 7. Nc3 Nxe4 8. 0-0 Bxc3 9. bxc3 0-0 10. Ba3 d6 11. Qc2 Ng5 12. Nxg5 Qxg5 13. f4 Qa5 14. Bb2 Bf5 15. Qd2 d5 16. Bb3 Qb5 17. Rae1 Na5 18. Qd1 Nxb3 19. Qxb3 Qxb3 20. axb3 Bc2 21. Re7 Rac8 22. b4 Rfe8 23. Rfe1 Be4 24. Rxe8+ Rxe8 25. b5 f6 26. Re3 Kf7 27. Kf2 Re6 28. Ba3 Bc2 29. Bc5 b6 30. Ba3 Rxe3 31. Kxe3 Ba4 32. f5 Bxb5 33. g4 g6 34. h4 Bd7 35. fxg6+ Kxg6 36. Kf4 Bb5 37. Be7 Kf7 38. Bd8 c5 39. dxc5 bxc5 40. Bc7 Ke6 41. Bd8 Be2 42. g5 fxg5+ 43. hxg5 Kd6 44. Ke3 Bc4 45. Kd2 Kc6 46. Kc2 Kb5 47. Kb2 a5 48. Bf6 Bd3 49. Kb3 a4+ 50. Ka3 Bc2 51. Kb2 Bb3 52. Bg7 Kc4 53. Bf6 Bd1 54. Bg7 Bh5 55. Bf6 Bg6 56. Bg7 Kd3 57. Bf6 d4 58. cxd4 cxd4 59. Ka3 Be8 60. Kb2 Ke3 61. Be7 d3 62. Bb4 Ke2 0-1

[Event "Niteroi op 2nd"]
[Site "Niteroi"]
[Date "2022.09.03"]
[Round "4"]
[White "De Almeida, Roberto A Ferreira"]
[Black "Araujo, Barbara Ribeiro"]
[Result "0-1"]
[WhiteElo "1776"]
[BlackElo "1523"]
[PlyCount "90"]
[EventDate "2022.09.01"]
[EventType "swiss"]
[EventRounds "9"]
[EventCountry "BRA"]
[SourceTitle "CBM 210 Extra"]
[Source "ChessBase"]
[SourceDate "2022.11.30"]
[SourceVersion "1"]
[SourceVersionDate "2022.11.30"]
[SourceQuality "1"]

1. e4 c5 2. Nf3 g6 3. d4 cxd4 4. Qxd4 Nf6 5. e5 Nc6 6. Qc3 Nd5 7. Qd3 Nc7 8. Nc3 Bg7 9. Bf4 0-0 10. Rd1 Ne6 11. Bg3 Qa5 12. Qd5 Qb6 13. Qb5 Qd8 14. Be2 a6 15. Qd5 Qb6 16. Qb3 Qa7 17. Nd5 b5 18. 0-0 Nc5 19. Qe3 e6 20. Nf6+ Kh8 21. h4 Ne7 22. b4 Na4 23. Qxa7 Rxa7 24. Rd3 Nb2 25. Rb3 Nc4 26. Bf4 d5 27. exd6 Bxf6 28. dxe7 Bxe7 29. Rd1 f6 30. a3 e5 31. Be3 Rc7 32. Bh6 Re8 33. Nd2 Be6 34. Rc3 Rec8 35. Nxc4 bxc4 36. Be3 Kg7 37. Bf3 Rb8 38. Rb1 h6 39. g4 f5 40. gxf5 gxf5 41. Re1 Rd7 42. Rd1 Rxd1+ 43. Bxd1 f4 44. Bc1 Bxh4 45. Rh3 Bxh3 0-1

[Event "Sao Paulo Carnaval op"]
[Site "Sao Paulo"]
[Date "2019.03.02"]
[Round "1"]
[White "De Almeida, Roberto A Ferreira"]
[Black "Di Berardino, Diego Rafael"]
[Result "0-1"]
[WhiteElo "1801"]
[BlackElo "2508"]
[PlyCount "52"]
[EventDate "2019.03.02"]
[EventType "swiss"]
[EventRounds "7"]
[EventCountry "BRA"]
[SourceTitle "EXT 2020"]
[Source "ChessBase"]
[SourceDate "2019.10.17"]
[SourceVersion "1"]
[SourceVersionDate "2019.10.17"]
[SourceQuality "1"]

1. e4 c5 2. Nf3 e6 3. b3 b6 4. Bb2 Bb7 5. Nc3 Nf6 6. d3 Nc6 7. Be2 d5 8. exd5 exd5 9. d4 Be7 10. 0-0 0-0 11. Re1 a6 12. Ba3 Ne4 13. Bb2 Bf6 14. Nxe4 dxe4 15. Ne5 Nxd4 16. Bxd4 cxd4 17. Ng4 Be7 18. Qd2 Qd6 19. Rad1 Rad8 20. a4 h5 21. Ne3 dxe3 22. Qxe3 Qg6 23. Qh3 h4 24. Rd7 Bc8 25. Bg4 Bxd7 26. Bxd7 f5 0-1

[Event "Rio de Janeiro Duchamp op 2nd"]
[Site "Rio de Janeiro"]
[Date "2018.11.18"]
[Round "6"]
[White "Baeta, Marcio Netto"]
[Black "De Almeida, Roberto A Ferreira"]
[Result "1-0"]
[WhiteElo "1977"]
[BlackElo "1784"]
[PlyCount "89"]
[EventDate "2018.11.14"]
[EventType "swiss"]
[EventRounds "9"]
[EventCountry "BRA"]
[SourceTitle "CBM 187 Extra"]
[Source "ChessBase"]
[SourceDate "2018.11.04"]
[SourceVersion "1"]
[SourceVersionDate "2018.11.04"]
[SourceQuality "1"]

1. d4 d5 2. c4 c6 3. Nf3 g6 4. Nc3 Nf6 5. e3 Bg7 6. Bd3 0-0 7. 0-0 b6 8. b4 Bg4 9. h3 Bc8 10. a4 Ba6 11. b5 Bb7 12. Ne5 Nfd7 13. bxc6 Nxc6 14. Nxc6 Bxc6 15. cxd5 Bb7 16. Qb3 e5 17. dxe6 fxe6 18. Qxe6+ Kh8 19. Ba3 Rf6 20. Qe7 Qxe7 21. Bxe7 Re6 22. Bg5 h6 23. Bh4 Rc8 24. Rac1 g5 25. Bg3 Nf6 26. Bf5 Rec6 27. Bxc8 Rxc8 28. Nb5 Rxc1 29. Rxc1 a6 30. Nd6 Bd5 31. Nf5 Be6 32. Nxg7 Kxg7 33. Rc6 Kf7 34. Rxb6 Bc4 35. Rc6 Be2 36. f3 Bd3 37. Be5 Ng8 38. Rc7+ Ke6 39. Rc3 Be2 40. Kf2 Bd1 41. Rc6+ Kd5 42. Rxa6 h5 43. Ke1 Bc2 44. Kd2 Bh7 45. Kc3 1-0

[Event "Rio de Janeiro Duchamp op 2nd"]
[Site "Rio de Janeiro"]
[Date "2018.11.14"]
[Round "2"]
[White "Nascimento, Pedro Henrique Alve"]
[Black "De Almeida, Roberto A Ferreira"]
[Result "1-0"]
[WhiteElo "2007"]
[BlackElo "1784"]
[PlyCount "85"]
[EventDate "2018.11.14"]
[EventType "swiss"]
[EventRounds "9"]
[EventCountry "BRA"]
[SourceTitle "CBM 187 Extra"]
[Source "ChessBase"]
[SourceDate "2018.11.04"]
[SourceVersion "1"]
[SourceVersionDate "2018.11.04"]
[SourceQuality "1"]

1. d4 d5 2. c4 Nf6 3. cxd5 Qxd5 4. Nc3 Qd8 5. e4 e6 6. Nf3 Bb4 7. Qa4+ Nc6 8. Bb5 Bd7 9. Bg5 h6 10. Bxf6 Qxf6 11. 0-0 Bxc3 12. bxc3 0-0 13. Qd1 a6 14. Bd3 e5 15. d5 Ne7 16. Nd2 Ng6 17. g3 c6 18. Re1 Qg5 19. Nf3 Qg4 20. Nh4 Qxd1 21. Raxd1 Nxh4 22. gxh4 Bg4 23. Be2 Bxe2 24. Rxe2 Rad8 25. c4 f5 26. a4 fxe4 27. Rxe4 Rf4 28. Rxf4 exf4 29. Kg2 Kf7 30. dxc6 Ke7 31. Rxd8 Kxd8 32. cxb7 Kc7 33. Kf3 Kxb7 34. Ke4 Kb6 35. Kd5 g5 36. hxg5 hxg5 37. h3 f3 38. c5+ Kc7 39. a5 Kd7 40. c6+ Kc8 41. Ke5 Kc7 42. Kf5 Kxc6 43. Kxg5 1-0

[Event "Rio de Janeiro Duchamp op"]
[Site "Rio de Janeiro"]
[Date "2017.11.14"]
[Round "5"]
[White "Machado, Wallace Fernandes"]
[Black "De Almeida, Roberto A Ferreira"]
[Result "0-1"]
[WhiteElo "1755"]
[BlackElo "1822"]
[PlyCount "118"]
[EventDate "2017.11.11"]
[EventType "swiss"]
[EventRounds "9"]
[EventCountry "BRA"]
[SourceTitle "CBM 181 Extra"]
[Source "ChessBase"]
[SourceDate "2017.12.12"]
[SourceVersion "1"]
[SourceVersionDate "2017.12.12"]
[SourceQuality "1"]

1. e4 c5 2. d3 Nc6 3. Nc3 Nf6 4. Be2 g6 5. Be3 Bg7 6. Nf3 b6 7. 0-0 Bb7 8. Qd2 Ng4 9. Bf4 e5 10. Bg3 Bh6 11. Qe1 d6 12. h3 Nf6 13. a3 Nh5 14. Nd5 Nxg3 15. fxg3 0-0 16. Nh2 Nd4 17. Nf6+ Kh8 18. Bd1 Bg7 19. Nfg4 f5 20. c3 fxg4 21. cxd4 gxh3 22. dxc5 Rxf1+ 23. Qxf1 dxc5 24. gxh3 Qg5 25. Qe1 Ba6 26. Be2 Qe3+ 27. Qf2 Qd2 28. Bf1 Qg5 29. Nf3 Qe7 30. Qd2 Rf8 31. Be2 Bc8 32. Kg2 Rd8 33. Qe3 Qd7 34. g4 Ba6 35. Rd1 Qb5 36. Rd2 Qb3 37. Ng5 Kg8 38. Nf3 c4 39. Bd1 Qb5 40. Qg5 Rxd3 41. Qe7 Rxd2+ 42. Nxd2 Qxb2 43. Qd8+ Kf7 44. g5 Qd4 45. Qc7+ Kg8 46. Qb8+ Bf8 47. Bg4 Qxd2+ 48. Kg3 Qxg5 49. Kh2 Qe7 50. Qa8 Bb7 51. Qxa7 b5 52. Qb6 Bxe4 53. Qxb5 Qd6 54. Qxc4+ Bd5 55. Qc3 e4+ 56. Kg1 Qb6+ 57. Kf1 Qb1+ 58. Ke2 Qa2+ 59. Ke3 Bh6+ 0-1

[Event "Rio de Janeiro Duchamp op"]
[Site "Rio de Janeiro"]
[Date "2017.11.11"]
[Round "1"]
[White "De Almeida, Roberto A Ferreira"]
[Black "Bueno, Alfeu Varela Jr"]
[Result "0-1"]
[WhiteElo "1822"]
[BlackElo "2186"]
[PlyCount "84"]
[EventDate "2017.11.11"]
[EventType "swiss"]
[EventRounds "9"]
[EventCountry "BRA"]
[SourceTitle "CBM 181 Extra"]
[Source "ChessBase"]
[SourceDate "2017.12.12"]
[SourceVersion "1"]
[SourceVersionDate "2017.12.12"]
[SourceQuality "1"]

1. e4 e6 2. Nc3 d5 3. exd5 exd5 4. d4 Bb4 5. Bd2 Nc6 6. Bb5 Nf6 7. Nge2 0-0 8. 0-0 h6 9. a3 Bd6 10. Bf4 Re8 11. Qd3 Bg4 12. f3 Bh5 13. Qd2 Qd7 14. Bd3 Ne7 15. Nb5 Bxf4 16. Nxf4 Bg6 17. Nxg6 Nxg6 18. Rfe1 a6 19. Nc3 Nf8 20. Rxe8 Rxe8 21. Re1 Ne6 22. Bf5 Qd6 23. Nd1 Kf8 24. c3 Re7 25. Nf2 b6 26. Nd3 Nd7 27. g3 Ng5 28. Kf2 Rxe1 29. Nxe1 Qf6 30. Bxd7 Ne4+ 31. Ke2 Nxd2 32. Kxd2 h5 33. Bc8 a5 34. Bh3 h4 35. f4 Qh6 36. Bg2 hxg3 37. hxg3 Qh2 38. Kd1 c6 39. c4 dxc4 40. Bxc6 Qxb2 41. Nc2 c3 42. d5 Qb1+ 0-1

[Event "Rio de Janeiro Autumn op"]
[Site "Rio de Janeiro"]
[Date "2016.03.27"]
[Round "6"]
[White "De Almeida, Roberto A Ferreira"]
[Black "Beserra, Juan Pablo de Carva"]
[Result "0-1"]
[WhiteElo "1839"]
[BlackElo "1915"]
[PlyCount "57"]
[EventDate "2016.03.25"]
[EventType "swiss"]
[EventRounds "6"]
[EventCountry "BRA"]
[SourceTitle "CBM 171 Extra"]
[Source "ChessBase"]
[SourceDate "2016.04.26"]
[SourceVersion "1"]
[SourceVersionDate "2016.04.26"]
[SourceQuality "1"]

1. e4 c5 2. Nf3 e6 3. c4 Nc6 4. Nc3 Nf6 5. Be2 Be7 6. b3 0-0 7. Bb2 d5 8. cxd5 exd5 9. exd5 Nxd5 10. 0-0 Nf4 11. Bb5 Bg4 12. Ne2 Bxf3 13. gxf3 Bd6 14. Ng3 Qh4 15. Kh1 Nd4 16. Bxd4 cxd4 17. Rg1 Nh3 18. Rg2 Nxf2+ 19. Rxf2 Bxg3 20. Rg2 Bf4 21. Qg1 Be5 22. f4 Qxf4 23. Rf1 Qh6 24. Rf5 f6 25. Rh5 Qxh5 26. Rxg7+ Kh8 27. Rxb7 Qf3+ 28. Qg2 Qxg2+ 29. Kxg2 0-1

[Event "Rio de Janeiro CXG op 5th"]
[Site "Rio de Janeiro"]
[Date "2015.12.12"]
[Round "3.3"]
[White "De Almeida, Roberto A Ferreira"]
[Black "Fucs, Paulo Moses"]
[Result "0-1"]
[WhiteElo "1861"]
[BlackElo "2134"]
[PlyCount "72"]
[EventDate "2015.12.05"]
[EventType "swiss"]
[EventRounds "6"]
[EventCountry "BRA"]
[SourceTitle "EXT 2022"]
[Source "ChessBase"]
[SourceDate "2021.10.06"]
[SourceVersion "1"]
[SourceVersionDate "2021.10.06"]
[SourceQuality "1"]

1. e4 c5 2. Nf3 d6 3. d4 cxd4 4. Nxd4 Nf6 5. Nc3 e5 6. Bb5+ Bd7 7. Bxd7+ Qxd7 8. Nf5 Nxe4 9. Nxg7+ Bxg7 10. Nxe4 d5 11. Bh6 0-0 12. Bxg7 Kxg7 13. Ng3 Nc6 14. 0-0 Rad8 15. Qh5 f5 16. Qg5+ Kh8 17. f4 e4 18. c3 d4 19. cxd4 Qxd4+ 20. Kh1 Qf6 21. Qxf6+ Rxf6 22. Rfd1 Nd4 23. Rac1 Rfd6 24. Re1 R8d7 25. h3 Kg7 26. Rc5 Rd5 27. Rc8 Kg6 28. Rg8+ Kf7 29. Rc8 Rd8 30. Rxd8 Rxd8 31. Rd1 Ke6 32. Kh2 Nf3+ 33. gxf3 Rxd1 34. fxe4 Rd2+ 35. Kg1 fxe4 36. Nxe4 Rxb2 0-1

[Event "Rio de Janeiro Primavera op"]
[Site "Rio de Janeiro"]
[Date "2015.11.21"]
[Round "6"]
[White "De Almeida, Roberto A Ferreira"]
[Black "Farias, Jose Carlos Mesquit"]
[Result "1-0"]
[WhiteElo "1788"]
[BlackElo "2023"]
[PlyCount "133"]
[EventDate "2015.11.07"]
[EventType "swiss"]
[EventRounds "6"]
[EventCountry "BRA"]
[SourceTitle "CBM 169 Extra"]
[Source "ChessBase"]
[SourceDate "2015.12.18"]
[SourceVersion "1"]
[SourceVersionDate "2015.12.18"]
[SourceQuality "1"]

1. e4 e5 2. Nf3 Nc6 3. Bb5 a6 4. Ba4 Nf6 5. 0-0 Be7 6. Bxc6 dxc6 7. d3 Bg4 8. Be3 0-0 9. Nbd2 Bd6 10. h3 Bxf3 11. Qxf3 Re8 12. Bg5 Re6 13. Nc4 b5 14. Ne3 h6 15. Bh4 Be7 16. Nf5 Kh7 17. g4 g6 18. Nxe7 Qxe7 19. Kh2 Rg8 20. Bxf6 Rxf6 21. Qe3 Rf4 22. Rg1 Qf6 23. Raf1 g5 24. f3 Qe6 25. b3 Qd6 26. Rg2 Rd8 27. Qa7 c5 28. Qb7 Rf6 29. a4 b4 30. Rff2 Re6 31. Kg3 Ree8 32. h4 Rb8 33. Qd5 Qxd5 34. exd5 Rbd8 35. hxg5 hxg5 36. Rh2+ Kg6 37. c4 bxc3 38. Rc2 Rxd5 39. Rxc3 Red8 40. Rd2 a5 41. Kf2 R8d6 42. Ke3 f6 43. Rdc2 c6 44. Rxc5 Rxd3+ 45. Ke2 Rxb3 46. Rxa5 Rdd3 47. Rxc6 Rxf3 48. Rxe5 Rh3 49. Rec5 Rb2+ 50. Rc2 Rh2+ 51. Kd3 Rh3+ 52. Kd4 Rb7 53. R2c4 Rbb3 54. Kc5 Rb8 55. a5 Ra8 56. a6 Rh7 57. Rb4 Rha7 58. Rbb6 Re7 59. Rxf6+ Kg7 60. Rf5 Rc7+ 61. Kb5 Rc1 62. Rxg5+ Kf7 63. Rc5 Rb1+ 64. Kc6 Ra1 65. Kb7 Re8 66. Rc7+ Kf8 67. Rc8 1-0

[Event "Rio de Janeiro Primavera op"]
[Site "Rio de Janeiro"]
[Date "2015.11.07"]
[Round "2"]
[White "Bottari, Raimondo"]
[Black "De Almeida, Roberto A Ferreira"]
[Result "1/2-1/2"]
[WhiteElo "2129"]
[BlackElo "1788"]
[PlyCount "125"]
[EventDate "2015.11.07"]
[EventType "swiss"]
[EventRounds "6"]
[EventCountry "BRA"]
[SourceTitle "CBM 169 Extra"]
[Source "ChessBase"]
[SourceDate "2015.12.18"]
[SourceVersion "1"]
[SourceVersionDate "2015.12.18"]
[SourceQuality "1"]

1. d4 d5 2. Nf3 Nf6 3. c4 e6 4. Bg5 Be7 5. Nbd2 Ng4 6. Bxe7 Qxe7 7. h3 Nf6 8. Qc2 Nbd7 9. cxd5 Nb6 10. dxe6 Bxe6 11. e4 Rc8 12. Bd3 c6 13. Nb3 Qb4+ 14. Qc3 Qxc3+ 15. bxc3 Na4 16. Rc1 0-0 17. 0-0 Nb2 18. Bc2 Bc4 19. Rfe1 Nd3 20. Bxd3 Bxd3 21. Nc5 Bc4 22. Nxb7 Rc7 23. Na5 Bd3 24. Nd2 g6 25. c4 Nh5 26. g3 f5 27. e5 Rd8 28. Nab3 a5 29. Rc3 a4 30. Rxd3 axb3 31. Nxb3 Ng7 32. Red1 Ra7 33. R1d2 Ra4 34. Rc2 Ne6 35. d5 cxd5 36. cxd5 Ng5 37. d6 Nxh3+ 38. Kg2 Ng5 39. d7 Ra7 40. Rc8 Ne6 41. Rxd8+ Nxd8 42. e6 Kf8 43. Re3 Ke7 44. Nc5 Rxa2 45. Kf3 Rc2 46. Na6 Rc6 47. Nb4 Rxe6 48. Nd5+ Kxd7 49. Rd3 Nc6 50. Nf4+ Rd6 51. Rxd6+ Kxd6 52. Nh3 h6 53. Nf4 Ne5+ 54. Ke3 g5 55. Ne2 Ng4+ 56. Kf3 Ke5 57. Kg2 h5 58. f4+ gxf4 59. Nxf4 Nf6 60. Kf3 Kd6 61. Ng6 Ke6 62. Kf4 Ne4 63. Nh4 1/2-1/2

[Event "Rio de Janeiro Guanabara op 4th"]
[Site "Rio de Janeiro"]
[Date "2015.10.03"]
[Round "5"]
[White "De Almeida, Roberto A Ferreira"]
[Black "Rodrigues, Nei Jorge"]
[Result "0-1"]
[WhiteElo "1797"]
[BlackElo "1986"]
[PlyCount "98"]
[EventDate "2015.09.12"]
[EventType "swiss"]
[EventRounds "6"]
[EventCountry "BRA"]
[SourceTitle "EXT 2017"]
[Source "ChessBase"]
[SourceDate "2016.10.25"]
[SourceVersion "1"]
[SourceVersionDate "2016.10.25"]
[SourceQuality "1"]

1. e4 e5 2. Nf3 Nc6 3. Bb5 Nge7 4. d4 exd4 5. Nxd4 g6 6. Nxc6 bxc6 7. Bd3 Bg7 8. 0-0 0-0 9. c3 d5 10. Be3 a5 11. Nd2 a4 12. Bc5 Re8 13. Re1 Be6 14. Qe2 Qd7 15. Rad1 Rab8 16. Nf1 Qc8 17. Ba6 Qd8 18. Ng3 Bh6 19. Qc2 Nc8 20. Qxa4 Bd7 21. Qc2 Nb6 22. b3 Qh4 23. a4 Bg4 24. f3 Be6 25. a5 Nd7 26. Bf2 Bf4 27. Nf1 Qg5 28. b4 Ne5 29. Bg3 h5 30. Qf2 Kg7 31. Bxf4 Qxf4 32. Qe3 Qh4 33. Qf2 Qf4 34. Qg3 Qf6 35. f4 Ng4 36. h3 h4 37. Qf3 dxe4 38. Qxe4 Bb3 39. Qd4 Bxd1 40. Rxd1 Qxd4+ 41. Rxd4 Ne3 42. Nxe3 Rxe3 43. Rc4 Rd8 44. Bb7 Rd2 45. Bxc6 Re1+ 46. Kh2 Rdd1 47. g3 Rd2+ 48. Bg2 Ree2 49. gxh4 Rxg2+ 0-1

[Event "Rio de Janeiro Guanabara op 4th"]
[Site "Rio de Janeiro"]
[Date "2015.09.19"]
[Round "4"]
[White "De Castro, Thales Jose Fernand"]
[Black "De Almeida, Roberto A Ferreira"]
[Result "1-0"]
[WhiteElo "2100"]
[BlackElo "1797"]
[PlyCount "109"]
[EventDate "2015.09.12"]
[EventType "swiss"]
[EventRounds "6"]
[EventCountry "BRA"]
[SourceTitle "EXT 2017"]
[Source "ChessBase"]
[SourceDate "2016.10.25"]
[SourceVersion "1"]
[SourceVersionDate "2016.10.25"]
[SourceQuality "1"]

1. d4 Nf6 2. e3 d5 3. f4 Bg4 4. Nf3 Nbd7 5. Bd3 Ne4 6. 0-0 Ndf6 7. c3 e6 8. Qc2 Nd6 9. Ne5 Bf5 10. Nd2 Bxd3 11. Qxd3 Be7 12. g4 h5 13. g5 Ng4 14. Nxg4 hxg4 15. e4 Qd7 16. Qg3 dxe4 17. Qxg4 0-0-0 18. Re1 f5 19. Qg3 Rh5 20. Re2 Rdh8 21. Nb3 Qb5 22. Qe1 Nc4 23. Rg2 Rh3 24. Qe2 Qd5 25. Rb1 Rd3 26. Rg3 Rxg3+ 27. hxg3 e3 28. Qg2 Qxg2+ 29. Kxg2 a5 30. Na1 c5 31. b3 Nd2 32. Bxd2 exd2 33. Nc2 cxd4 34. cxd4 Bb4 35. Nxb4 axb4 36. Rd1 Kd7 37. Rxd2 Kd6 38. Rc2 Ra8 39. Kf3 b5 40. Rc5 Rb8 41. g4 g6 42. gxf5 exf5 43. Ke3 Ra8 44. Rxb5 Rxa2 45. Rxb4 Ra6 46. Rb8 Kc7 47. Rg8 Rb6 48. Rg7+ Kd8 49. d5 Rxb3+ 50. Kd4 Rb4+ 51. Ke5 Re4+ 52. Kd6 Ke8 53. Rxg6 Rxf4 54. Rf6 Rf1 55. Ke5 1-0

[Event "Rio de Janeiro Guanabara op 4th"]
[Site "Rio de Janeiro"]
[Date "2015.09.12"]
[Round "1"]
[White "De Almeida, Roberto A Ferreira"]
[Black "Ramos, Angelo Bil"]
[Result "1-0"]
[WhiteElo "1797"]
[BlackElo "2024"]
[PlyCount "111"]
[EventDate "2015.09.12"]
[EventType "swiss"]
[EventRounds "6"]
[EventCountry "BRA"]
[SourceTitle "EXT 2017"]
[Source "ChessBase"]
[SourceDate "2016.10.25"]
[SourceVersion "1"]
[SourceVersionDate "2016.10.25"]
[SourceQuality "1"]

1. e4 c5 2. Nf3 Nc6 3. Nc3 e5 4. Bc4 Be7 5. Nd5 Nf6 6. Nxf6+ Bxf6 7. a3 0-0 8. 0-0 d6 9. h3 Qe7 10. d3 Bd7 11. Nh2 Nd4 12. f4 exf4 13. Rxf4 Be5 14. Rf1 Qh4 15. Nf3 Qg3 16. Nxe5 Bxh3 17. Qd2 dxe5 18. c3 Bxg2 19. Qxg2 Ne2+ 20. Kh1 Qh4+ 21. Qh2 Qg4 22. Be3 Ng3+ 23. Kg1 Nxe4+ 24. Qg2 Qxg2+ 25. Kxg2 Nd6 26. Bd5 Rac8 27. Rf3 b6 28. Rh1 g6 29. Bh6 Rfe8 30. Rf6 Red8 31. Rhf1 Rc7 32. R1f2 Rdd7 33. Re6 Rc8 34. Rxe5 Ne8 35. Bc6 Rdd8 36. Bxe8 Rxe8 37. Rfe2 Rxe5 38. Rxe5 f5 39. Re7 Ra8 40. Kf3 Rd8 41. Ke3 a6 42. d4 cxd4+ 43. cxd4 b5 44. Rg7+ Kh8 45. Ra7 Re8+ 46. Kd3 Kg8 47. d5 Re5 48. Rg7+ Kf8 49. Rxg6+ Kf7 50. Rg7+ Kf6 51. Kd4 Re4+ 52. Kc5 Rc4+ 53. Kd6 Rh4 54. Bg5+ Kxg7 55. Bxh4 Kf7 56. Kc7 1-0

[Event "Niteroi Curcio Memorial"]
[Site "Niteroi"]
[Date "2007.04.05"]
[Round "7.1"]
[White "De Almeida, Roberto A Ferreira"]
[Black "Porto, Cristiano Nogueira"]
[Result "0-1"]
[WhiteElo "1830"]
[BlackElo "2242"]
[PlyCount "80"]
[EventDate "2007.02.22"]
[EventType "tourn"]
[EventRounds "9"]
[EventCountry "BRA"]
[SourceTitle "EXT 2022"]
[Source "ChessBase"]
[SourceDate "2021.10.06"]
[SourceVersion "1"]
[SourceVersionDate "2021.10.06"]
[SourceQuality "1"]

1. e4 e6 2. Nf3 d5 3. exd5 exd5 4. d4 Nf6 5. Bd3 Be7 6. 0-0 0-0 7. Bf4 Bg4 8. h3 Bh5 9. Nbd2 c5 10. dxc5 Bxc5 11. Nb3 Bb6 12. Bb5 Nc6 13. c3 Ne4 14. Be3 Bxe3 15. fxe3 Qb6 16. Qxd5 Qxe3+ 17. Kh2 Qf4+ 18. Kg1 Ng3 19. Rf2 h6 20. Bxc6 bxc6 21. Qd4 Qf5 22. Qe5 Qxe5 23. Nxe5 Rac8 24. Kh2 Ne4 25. Rf4 f5 26. Nd4 c5 27. Nxf5 Rce8 28. Nc6 Kh7 29. Re1 Nf6 30. Rxe8 Rxe8 31. Nfe7 Bf7 32. Ra4 Nd5 33. Rxa7 Be6 34. a4 Rf8 35. Nxd5 Bxd5 36. Ne7 Be4 37. Kg3 Rb8 38. Ra5 Rxb2 39. Rxc5 g5 40. h4 Rxg2+ 0-1